प्रशासकों के लिए प्रभावी कार्य कौशल विधि / (Record no. 118463)

MARC details
000 -LEADER
fixed length control field 01239nam a22002657a 4500
005 - DATE AND TIME OF LATEST TRANSACTION
control field 20170124103114.0
010 ## - LIBRARY OF CONGRESS CONTROL NUMBER
LC control number A-931919
020 ## - INTERNATIONAL STANDARD BOOK NUMBER
Terms of availability 00.00
035 ## - SYSTEM CONTROL NUMBER
System control number A-931919
037 ## - SOURCE OF ACQUISITION
Source of stock number/acquisition Cen Lib/Ret
040 ## - CATALOGING SOURCE
Original cataloging agency DPL
Language of cataloging HN
082 ## - DEWEY DECIMAL CLASSIFICATION NUMBER
Classification number 350
Item number प्रशास
245 ## - TITLE STATEMENT
Title प्रशासकों के लिए प्रभावी कार्य कौशल विधि /
Statement of responsibility, etc सम्पादक वी.के.अग्निहोत्री
246 ## - VARYING FORM OF TITLE
Title proper/short title Prashasakon ke liye prabhavi karye kaushal vidhi /
Remainder of title sampadak V.K.Agnihotri
260 ## - PUBLICATION, DISTRIBUTION, ETC. (IMPRINT)
Place of publication, distribution, etc नई दिल्ली
Name of publisher, distributor, etc विकास पब्लिशिंग हाउस
Date of publication, distribution, etc 1999
270 ## - ADDRESS
City नई दिल्ली
Address 576, मस्जिद रोड, जंगपूरा
Postal code 110014
300 ## - PHYSICAL DESCRIPTION
Extent xxiv,308पृ.
Dimensions 20सेमी(सजिल्द)
500 ## - GENERAL NOTE
General note अनुक्रमाणिका शामिल
650 ## - SUBJECT ADDED ENTRY--TOPICAL TERM
Topical term or geographic name as entry element समय का प्रबंधन
9 (RLIN) 43165
650 ## - SUBJECT ADDED ENTRY--TOPICAL TERM
Topical term or geographic name as entry element रिपोर्ट लेखन
9 (RLIN) 147
650 ## - SUBJECT ADDED ENTRY--TOPICAL TERM
Topical term or geographic name as entry element Time Management
9 (RLIN) 16925
650 ## - SUBJECT ADDED ENTRY--TOPICAL TERM
Topical term or geographic name as entry element Report writing
9 (RLIN) 80285
700 ## - ADDED ENTRY--PERSONAL NAME
Personal name अग्निहोत्री, वी.के.
9 (RLIN) 51979
942 ## - ADDED ENTRY ELEMENTS (KOHA)
Source of classification or shelving scheme Dewey Decimal Classification
Koha item type Hindi Books
Classification part 350
Call number suffix प्रशास
Holdings
Withdrawn status Lost status Damaged status Not for loan Home library Current library Date acquired Source of acquisition Cost, normal purchase price Total Checkouts Total Renewals Full call number Barcode Date last seen Date checked out Copy number Cost, replacement price Price effective from Koha item type
        Central Library Central Library 11/09/2015 Cen Lib/Ret 0.00 2 2 350 प्रशास A-931919 31/01/2020 17/01/2020 1 0.00 11/09/2015 Hindi Books

© Delhi Public Library
Hit Counter
free hit counter